Letters Ending States Quiz Stats

 Plays Quiz Updated May 25, 2017

Support Sporcle.
Go Orange.
Score 0/12 Timer 01:00
1 Play Today
% Correct
???
98.3%
???
85.6%
???
85%
???
84.7%
???
80.7%
???
79.2%
???
69.7%
???
68.1%
???
68%
???
55.8%
???
55.7%
???
48.4%

You're not logged in!

Compare scores with friends on all Sporcle quizzes.
OR
Log In

From the Vault

MLB Teams' Most Recent Rookie of the Year

by sknapp

We thought the last Rookie of the Year for the Cubs was that 12-year-old flame thrower they pulled from the stands back in the '90s?
Remove Ads.
Support Sporcle.
Get the best of Sporcle when you Go Orange. This ad-free experience offers more features, more stats, and more fun while also helping to support Sporcle. Thank you for becoming a member.

Show Comments

Extras

Top Quizzes Today


Score Distribution

Your Account Isn't Verified!

In order to create a playlist on Sporcle, you need to verify the email address you used during registration. Go to your Sporcle Settings to finish the process.

Report this User

Report this user for behavior that violates our Community Guidelines.

Details: